000 00789nam a22002177a 4500
003 UA-OsUOA
001 77122
007 ta
008 20110901b un ||||| |||| 00| 0 ukr d
100 _aАрсамаков А.А.
090 _a330
_bА85
942 _cSA
040 _aUA-OsUOA
_bukr
_cUA-OsUOA
_dUA-OsUOA
245 _aОсобенности регулирования государствами деятельности транснациональных банков в условиях мирового финансово-экономического кризиса
300 _aС.64-70
955 _a0
041 _aukr
080 _a330
773 0 _w77119
_tМеждународная экономика
_dМ.
_d2011
_g5
650 7 _a330 Економіка взагалі
_2UDC
999 _c363429
_d363429